| 000 | 01365cam a2200253 a 4500 | ||
|---|---|---|---|
| 001 | 000011809 | ||
| 005 | 20200929162556.0 | ||
| 008 | 711102s1973 sp b 001 0 spa | ||
| 020 | _a8424904095 | ||
| 020 | _a8424904109 | ||
| 040 |
_aDO-SdBNP _bspa _cLC _dBNPHU |
||
| 082 |
_a415 _bA321e |
||
| 100 | 1 |
_aAlarcos Llorach, Emilio. _927912 |
|
| 245 | 1 | 0 |
_aEstudios de gramática funcional del español / _cEmilio Alarcos Llorach. |
| 260 |
_aMadrid : _bGredos, _c1973. |
||
| 300 |
_a257 p. ; _c21 cm. |
||
| 490 | 1 |
_aBiblioteca Románica Hispánica : _aII. Estudios y Ensayos, _v147 |
|
| 504 | _aIncluye referencias bibliográficas. | ||
| 505 | 0 | _aPrefacio -- Perfecto simple y compuesto -- Sobre la estructura del verbo español -- Las diátesis en español -- "Cantaría": modo, tiempo y aspecto -- Verbo transitivo, verbo intransitivo y estructura del predicado -- Pasividad y atribución en español -- Algunas construcciones del infinitivo -- Los pronombres personales -- Valores de /se/-- El artículo en español -- !"Lo fuertes que eran!" -- Español /que/-- "Un," el número y los indefinidos -- Aditamento, adverbio y cuestiones conexas -- Índice de términos y materias. | |
| 650 | 4 |
_aEspañol _xGramática _93475 |
|
| 830 | 0 |
_aBiblioteca Románica Hispánica : _pII. Estudios y Ensayos, _v147 _98099 |
|
| 910 | _aCatalogación derivada | ||
| 049 | _aBNGR | ||
| 999 |
_c11483 _d11483 |
||